Statistics for Sunniest and Gloomiest US States

Click here to take the quiz!

General Stats

  • This quiz has been taken 219 times
  • The average score is 8 of 10

Answer Stats

Answer% Correct
Arizona
93%
New Mexico
88%
Hawaii
81%
Washington
81%
Colorado
78%
Nevada
78%
Oregon
77%
Alaska
72%
New York
64%
Vermont
61%

Score Distribution

Percentile by Number Answered

Percent of People with Each Score

Your Score History

You have not taken this quiz